000 00499nam a22001697a 4500
005 20240611141616.0
008 240611b |||||||| |||| 00| 0 eng d
020 _a9788174731170
082 _a615
_bLIP-M
100 _aLippincott Williams & Wilkins
245 _aFundamentals of Nursing Incredibly Easy! /
_cLippincott Williams & Wilkins
260 _aIndia ;
_bLippincott;
_c2009 .
300 _a660p.
_bill;
_c24 cm.
500 _aInclude index .
650 _aMedical / Nursing
999 _c35898
_d35898